Statistics for Players who have won the Champions League with different teams

Click here to take the quiz!

General Stats

  • This quiz has been taken 25 times
  • The average score is 6 of 12

Answer Stats

# wins Teams played for Answer % Correct
3Manchester United, Real MadridCristiano Ronaldo
95%
2Liverpool, Real MadridXabi Alonso
71%
4Ajax, Real Madrid, AC MilanClarence Seedorf
67%
2Porto, BarcelonaDeco
67%
3Barcelona, Inter MilanSamuel Eto'o
62%
2Bayern Munich, Manchester UnitedOwen Hargreaves
52%
2Porto, ChelseaJose Bosingwa
33%
2Marseille, AC MilanMarcel Desailly
33%
2Porto, ChelseaPaulo Ferreira
29%
2AC Milan, Real MadridChristian Panucci
19%
2Marseille, JuventusDidier Deschamps
19%
2Juventus, Borussia DortmundPaolo Sousa
10%

Score Distribution

Percentile by Number Answered

Percent of People with Each Score

Your Score History

You have not taken this quiz